[Event "American Continental 18th"]
[Site "Medellin"]
[Date "2024.05.29"]
[Round "8"]
[White "Ng Mora, Joshua"]
[Black "Hernandez Fonseca, Maria Paula"]
[Result "1-0"]
[WhiteElo "1779"]
[BlackElo "2005"]
[PlyCount "95"]
[EventDate "2024.05.24"]
[EventType "swiss"]
[EventRounds "11"]
[EventCountry "COL"]
[SourceTitle "CB23_2024"]
[SourceDate "2024.06.05"]
[SourceVersion "1"]
[SourceVersionDate "2024.06.05"]
[SourceQuality "1"]

1. Nf3 Nf6 2. c4 c6 3. e3 d5 4. b3 Bf5 5. Be2 Nbd7 6. Bb2 e6 7. 0-0 Bd6 8. d4 Qb8 9. Qc1 e5 10. dxe5 Nxe5 11. cxd5 Nxf3+ 12. Bxf3 Bxh2+ 13. Kh1 cxd5 14. Bxf6 gxf6 15. Nc3 Qe5 16. Nxd5 Rd8 17. e4 Be6 18. Qh6 Bxd5 19. exd5 Bf4 20. Qg7 Kd7 21. Rfe1 Qg5 22. Qxf7+ Kc8 23. g3 Bd6 24. Re6 Rhf8 25. Qh5 Qd2 26. Qf5 Kb8 27. Re2 Qc3 28. Rd1 Rc8 29. Kg2 a6 30. Re6 Qc5 31. Rxf6 Rxf6 32. Qxf6 Rf8 33. Qh6 Ka7 34. Qxh7 Qc3 35. Qd3 Qf6 36. Qd4+ Qxd4 37. Rxd4 Kb6 38. Rc4 Re8 39. Be4 Ka5 40. Ra4+ Kb5 41. f4 Bb4 42. a3 Be1 43. Kf3 Kc5 44. d6 Kxd6 45. Bxb7 Rb8 46. Rxa6+ Kc5 47. Rc6+ Kb5 48. Re6 1-0

[Event "American Continental 18th"]
[Site "Medellin"]
[Date "2024.05.27"]
[Round "5"]
[White "Hernandez Fonseca, Maria Paula"]
[Black "Estrada Nieto, Julian"]
[Result "0-1"]
[WhiteElo "2005"]
[BlackElo "2196"]
[PlyCount "100"]
[EventDate "2024.05.24"]
[EventType "swiss"]
[EventRounds "11"]
[EventCountry "COL"]
[SourceTitle "CB23_2024"]
[SourceDate "2024.06.05"]
[SourceVersion "1"]
[SourceVersionDate "2024.06.05"]
[SourceQuality "1"]

1. e4 e5 2. Nf3 Nc6 3. d4 exd4 4. Nxd4 Nf6 5. Nc3 Bb4 6. Nxc6 bxc6 7. Bd3 d5 8. exd5 cxd5 9. 0-0 0-0 10. Bg5 c6 11. Qf3 Bd6 12. Ne2 Be5 13. c3 Qd6 14. h3 c5 15. Ng3 Rb8 16. Rab1 h6 17. Bxf6 Bxf6 18. Nf5 Bxf5 19. Bxf5 Rfe8 20. b3 g6 21. Bc2 Kg7 22. Rbd1 Rbd8 23. Rfe1 Re5 24. g3 h5 25. Kg2 Rde8 26. Rxe5 Rxe5 27. c4 d4 28. Be4 Qa6 29. a4 Qa5 30. Bd5 Qc3 31. Rd3 Qc1 32. Qd1 Qxd1 33. Rxd1 Re2 34. Kf3 Rb2 35. Rd3 Bd8 36. Bc6 Ba5 37. b4 Bxb4 38. Kg2 Rc2 39. Bb5 Rc3 40. Rd1 Kf6 41. h4 d3 42. Kf3 d2+ 43. Ke2 Rc1 44. f3 g5 45. hxg5+ Kxg5 46. Ba6 f5 47. Bb5 f4 48. gxf4+ Kxf4 49. Be8 h4 50. Bh5 h3 0-1

[Event "American Continental 18th"]
[Site "Medellin"]
[Date "2024.05.25"]
[Round "3"]
[White "Hernandez Fonseca, Maria Paula"]
[Black "Martinez Pinchao, Juan Manuel"]
[Result "1-0"]
[WhiteElo "2005"]
[BlackElo "1819"]
[PlyCount "72"]
[EventDate "2024.05.24"]
[EventType "swiss"]
[EventRounds "11"]
[EventCountry "COL"]
[SourceTitle "CB23_2024"]
[SourceDate "2024.06.05"]
[SourceVersion "1"]
[SourceVersionDate "2024.06.05"]
[SourceQuality "1"]

1. e4 c6 2. d4 d5 3. Nc3 dxe4 4. Nxe4 Nf6 5. Nxf6+ exf6 6. c3 Bd6 7. Bd3 0-0 8. Qc2 Re8+ 9. Ne2 h6 10. Bd2 Nd7 11. 0-0-0 b5 12. Kb1 Nb6 13. Ng3 a5 14. Nf5 Bxf5 15. Bxf5 Qc7 16. Rde1 a4 17. Re4 Nc4 18. Bc1 Re7 19. Rhe1 Rae8 20. Rxe7 Rxe7 21. Rxe7 Bxe7 22. Qe4 g5 23. Qf3 Nd6 24. Bc2 Kg7 25. Qd3 f5 26. g4 f6 27. gxf5 c5 28. dxc5 Qxc5 29. Qd4 Qc7 30. h4 Nf7 31. hxg5 hxg5 32. Qd5 Qc5 33. Qe6 Qe5 34. Be3 Qxe6 35. fxe6 Ne5 36. Be4 b4 1-0

[Event "American Continental 18th"]
[Site "Medellin"]
[Date "2024.05.25"]
[Round "2"]
[White "Ynojosa Aponte, Felix Jose"]
[Black "Hernandez Fonseca, Maria Paula"]
[Result "1-0"]
[WhiteElo "2377"]
[BlackElo "2005"]
[PlyCount "47"]
[EventDate "2024.05.24"]
[EventType "swiss"]
[EventRounds "11"]
[EventCountry "COL"]
[SourceTitle "CB23_2024"]
[SourceDate "2024.06.05"]
[SourceVersion "1"]
[SourceVersionDate "2024.06.05"]
[SourceQuality "1"]

1. c4 Nf6 2. Nc3 d5 3. cxd5 Nxd5 4. Qb3 Nb6 5. Nf3 g6 6. h4 h5 7. Ng5 e6 8. d3 Bg7 9. Bd2 0-0 10. g4 hxg4 11. h5 gxh5 12. Rxh5 Nc6 13. Nh7 Re8 14. Ne4 Nd4 15. Qd1 f6 16. Bg2 e5 17. e3 Ne6 18. Qxg4 Nf4 19. Nhxf6+ Kf7 20. Qf3 Nxg2+ 21. Qxg2 Bxf6 22. Rh7+ Ke6 23. Nc5+ Kd6 24. Bb4 1-0

[Event "Cali Olympiad Qual (Women)"]
[Site "Cali"]
[Date "2024.04.18"]
[Round "4"]
[White "Hernandez Fonseca, Maria Paula"]
[Black "Pachon Gutierrez, Adriana Paola"]
[Result "1-0"]
[WhiteElo "1995"]
[BlackElo "1995"]
[PlyCount "109"]
[EventDate "2024.04.16"]
[EventType "tourn"]
[EventRounds "11"]
[EventCountry "COL"]
[SourceTitle "CB21_2024"]
[SourceDate "2024.05.22"]
[SourceVersion "1"]
[SourceVersionDate "2024.05.22"]
[SourceQuality "1"]

1. e4 e5 2. Nf3 Nc6 3. Bb5 a6 4. Bxc6 dxc6 5. d4 exd4 6. Qxd4 Qxd4 7. Nxd4 c5 8. Ne2 Bd7 9. Nbc3 0-0-0 10. Be3 Bc6 11. f3 Nf6 12. Kf2 Nd7 13. Rad1 Bd6 14. Nd5 Ne5 15. Ng3 Nc4 16. b3 Nxe3 17. Nxe3 g6 18. Rd3 Be5 19. Rhd1 h5 20. Rxd8+ Rxd8 21. Rxd8+ Kxd8 22. Ngf1 b5 23. c4 Kd7 24. Ke2 Kd6 25. Kd3 Bd7 26. g3 Bd4 27. Nd2 c6 28. f4 Be6 29. Nc2 Bb2 30. e5+ Ke7 31. Ne4 Bf5 32. Ne3 Bxe4+ 33. Kxe4 Ke6 34. h3 f5+ 35. exf6 Kxf6 36. g4 hxg4 37. hxg4 Bc1 38. a4 g5 39. fxg5+ Kxg5 40. Nf5 Kf6 41. Nd6 bxa4 42. bxa4 Bd2 43. Nb7 Bb4 44. Nd8 Bd2 45. Nxc6 Ke6 46. Ne5 Kd6 47. g5 Kc7 48. g6 Bh6 49. Kd5 Kb6 50. Nd7+ Ka5 51. Nxc5 Kb6 52. Ne6 Ka5 53. c5 Kxa4 54. c6 a5 55. c7 1-0

[Event "Bucaramanga op"]
[Site "Bucaramanga"]
[Date "2023.09.06"]
[Round "2"]
[White "Hernandez Fonseca, Maria Paula"]
[Black "Rivera, Alberto"]
[Result "0-1"]
[WhiteElo "2042"]
[BlackElo "2297"]
[PlyCount "88"]
[EventDate "2023.09.06"]
[EventType "swiss"]
[EventRounds "9"]
[EventCountry "COL"]
[SourceTitle "EXT 2024"]
[Source "ChessBase"]
[SourceDate "2023.10.10"]
[SourceVersion "1"]
[SourceVersionDate "2023.10.10"]
[SourceQuality "1"]

1. e4 e5 2. d4 exd4 3. Qxd4 Nc6 4. Qe3 Nf6 5. Bd2 Bb4 6. e5 Nd5 7. Qg3 Bxd2+ 8. Nxd2 Qe7 9. 0-0-0 Qxe5 10. Qxe5+ Nxe5 11. Re1 d6 12. c4 Ne7 13. f4 N5c6 14. Bd3 0-0 15. Ngf3 Bd7 16. a3 Rfe8 17. Kc2 h6 18. Kc3 a5 19. h3 Ng6 20. Bxg6 fxg6 21. Rxe8+ Rxe8 22. Re1 Rb8 23. b4 Kf7 24. c5 axb4+ 25. axb4 Na7 26. Nc4 Nb5+ 27. Kb2 Be6 28. Na5 Bd5 29. cxd6 cxd6 30. Nh4 Re8 31. Rxe8 Kxe8 32. Nxg6 Bxg2 33. h4 Be4 34. h5 Bxg6 35. hxg6 h5 36. Nc4 h4 37. Ne3 h3 38. Ng4 Nd4 39. Kc3 Ne2+ 40. Kd3 Nxf4+ 41. Ke4 Nxg6 42. Nf2 h2 43. Kf5 Kf7 44. Kg4 Ne5+ 0-1

[Event "Medellin Flores op 30th"]
[Site "Medellin"]
[Date "2023.08.07"]
[Round "8"]
[White "Hernandez Fonseca, Maria Paula"]
[Black "Hernandez, Elvert"]
[Result "1/2-1/2"]
[WhiteElo "2058"]
[BlackElo "1895"]
[PlyCount "161"]
[EventDate "2023.08.03"]
[EventType "swiss"]
[EventRounds "9"]
[EventCountry "COL"]
[SourceTitle "CBM 215 Extra"]
[Source "ChessBase"]
[SourceDate "2023.09.30"]
[SourceVersion "1"]
[SourceVersionDate "2023.09.30"]
[SourceQuality "1"]

1. e4 c5 2. Nf3 Nc6 3. d4 cxd4 4. Nxd4 Nf6 5. Nc3 e5 6. Ndb5 d6 7. Nd5 Nxd5 8. exd5 Ne7 9. c3 Ng6 10. Qa4 Bd7 11. Qc4 Bxb5 12. Qxb5+ Qd7 13. Qxd7+ Kxd7 14. g3 f5 15. Bh3 Ne7 16. Bg5 g6 17. g4 f4 18. 0-0-0 Bg7 19. f3 h6 20. Bh4 g5 21. Bf2 Rhc8 22. Bf1 a6 23. Bb6 Re8 24. a4 Nc8 25. Bf2 e4 26. fxe4 Rxe4 27. Bd3 Re8 28. Bf5+ Kc7 29. Be6 Nb6 30. b3 Nd7 31. Kc2 Nf8 32. Bf5 b6 33. Kd3 Rab8 34. Rde1 Be5 35. h4 Nd7 36. hxg5 hxg5 37. Rh7 Red8 38. Reh1 Rb7 39. Rf7 Kb8 40. Bxd7 Rdxd7 41. Rxd7 Rxd7 42. Bxb6 Kb7 43. a5 Rf7 44. c4 Bb2 45. Rh5 f3 46. Rh2 Bc1 47. Rf2 Rf4 48. Kc2 Ba3 49. Be3 Rxg4 50. Rxf3 Bb4 51. Bb6 Rg2+ 52. Kd3 g4 53. Rf7+ Kb8 54. Rg7 g3 55. Ke4 Re2+ 56. Kf3 Rb2 57. Rxg3 Rxb3+ 58. Kf4 Bd2+ 59. Kg4 Rb4 60. Kf5 Rxc4 61. Rg8+ Rc8 62. Rg7 Bb4 63. Ke6 Rh8 64. Kd7 Kb7 65. Rf7 Ba3 66. Bc7 Bb4 67. Bd8 Rh5 68. Be7 Rh6 69. Bd8 Rh5 70. Ke6+ Kc8 71. Bb6 Re5+ 72. Kf6 Rxd5 73. Rc7+ Kb8 74. Ke6 Rh5 75. Kd7 Bxa5 76. Bxa5 Rxa5 77. Kxd6 Ra1 78. Rc2 Rb1 79. Kc5 Kb7 80. Kc4 Kb6 81. Kc3 1/2-1/2

[Event "COL-chT (Women)"]
[Site "Santa Marta"]
[Date "2022.11.04"]
[Round "5.1"]
[White "Hernandez Fonseca, Maria Paula"]
[Black "Rivera, Ingris"]
[Result "0-1"]
[WhiteElo "2082"]
[BlackElo "2223"]
[PlyCount "102"]
[EventDate "2022.11.02"]
[EventType "team-swiss"]
[EventRounds "7"]
[EventCountry "COL"]
[SourceTitle "CBM 211 Extra"]
[Source "ChessBase"]
[SourceDate "2023.01.31"]
[SourceVersion "1"]
[SourceVersionDate "2023.01.31"]
[SourceQuality "1"]
[WhiteTeam "Caldas (W)"]
[BlackTeam "Bolivar (W)"]
[WhiteTeamCountry "COL"]
[BlackTeamCountry "COL"]

1. e4 c5 2. Nf3 d6 3. d4 cxd4 4. Nxd4 Nf6 5. Nc3 a6 6. Be3 e6 7. f3 b5 8. Qd2 Bb7 9. 0-0-0 Nbd7 10. g4 Nb6 11. h4 Rc8 12. h5 Nfd7 13. Qf2 b4 14. Nb1 d5 15. e5 Nc4 16. Bxc4 dxc4 17. c3 Qa5 18. cxb4 Bxb4 19. h6 g6 20. Nc2 Be7 21. Rhe1 Qxe5 22. f4 Qc7 23. f5 0-0 24. Qd2 Ne5 25. Qc3 Bf6 26. Bd4 Nd3+ 27. Kd2 e5 28. Be3 Nxe1 29. Rxe1 Rfd8+ 30. Kc1 Rd3 31. Qb4 a5 32. Qb5 Rd5 33. Qb6 Qxb6 34. Bxb6 Bg5+ 35. Be3 Bxe3+ 36. Nxe3 Rd4 37. Nc3 Bf3 38. g5 Rcd8 39. Rf1 Rf4 40. fxg6 fxg6 41. Nxc4 Rxc4 42. Rxf3 Rg4 43. Rf6 Rxg5 44. Ra6 Rg1+ 45. Kc2 Rg2+ 46. Kc1 Rf8 47. Rxa5 Rf1+ 48. Nd1 e4 49. Ra8+ Kf7 50. Ra7+ Kf6 51. Ra8 Kg5 0-1

[Event "COL Subzt 2.3.4 (Women)"]
[Site "Risarald"]
[Date "2021.11.28"]
[Round "9"]
[White "Hernandez Fonseca, Maria Paula"]
[Black "Zambrano, Karina"]
[Result "1/2-1/2"]
[WhiteElo "2017"]
[BlackElo "1705"]
[PlyCount "23"]
[EventDate "2021.11.23"]
[EventType "swiss"]
[EventRounds "9"]
[EventCountry "COL"]
[SourceTitle "CBM 205 Extra"]
[Source "ChessBase"]
[SourceDate "2022.01.31"]
[SourceVersion "1"]
[SourceVersionDate "2022.01.31"]
[SourceQuality "1"]

1. d4 d5 2. Nf3 Nf6 3. c4 c6 4. Nc3 e6 5. e3 Be7 6. Qc2 Nbd7 7. b3 0-0 8. Bd3 Re8 9. 0-0 Nf8 10. e4 dxe4 11. Nxe4 Nxe4 12. Bxe4 1/2-1/2

[Event "COL Subzt 2.3.4 (Women)"]
[Site "Risarald"]
[Date "2021.11.26"]
[Round "7"]
[White "Hernandez Fonseca, Maria Paula"]
[Black "Mogollon Tobar, Nicolle Juliet"]
[Result "1-0"]
[WhiteElo "2017"]
[BlackElo "1914"]
[PlyCount "59"]
[EventDate "2021.11.23"]
[EventType "swiss"]
[EventRounds "9"]
[EventCountry "COL"]
[SourceTitle "CBM 205 Extra"]
[Source "ChessBase"]
[SourceDate "2022.01.31"]
[SourceVersion "1"]
[SourceVersionDate "2022.01.31"]
[SourceQuality "1"]

1. e4 d5 2. exd5 Qxd5 3. Nc3 Qa5 4. d4 Nf6 5. Nf3 c6 6. Ne5 Bf5 7. g4 Bg6 8. h4 Nbd7 9. Nc4 Qc7 10. h5 Be4 11. Nxe4 Nxe4 12. Qf3 Nd6 13. Bf4 f6 14. 0-0-0 Nb6 15. Nxd6+ exd6 16. Re1+ Be7 17. Qe4 Qd7 18. Bh3 d5 19. Qe2 Nc8 20. g5 f5 21. Qe5 0-0 22. g6 Bd6 23. gxh7+ Kxh7 24. Qe3 Bxf4 25. Qxf4 Nd6 26. Re5 Rae8 27. Rhe1 Rxe5 28. dxe5 Qe6 29. Qb4 Ne4 30. Qxf8 1-0

[Event "COL-ch Blitz (Women)"]
[Site "Villavicencio"]
[Date "2021.11.15"]
[Round "10"]
[White "Dominguez, Laura Lucia"]
[Black "Hernandez Fonseca, Maria Paula"]
[Result "0-1"]
[WhiteElo "2140"]
[BlackElo "1977"]
[PlyCount "90"]
[EventDate "2021.11.15"]
[EventType "swiss (blitz)"]
[EventRounds "13"]
[EventCountry "COL"]
[SourceTitle "CBM 205 Extra"]
[Source "ChessBase"]
[SourceDate "2022.01.31"]
[SourceVersion "1"]
[SourceVersionDate "2022.01.31"]
[SourceQuality "1"]

1. e4 c5 2. Nf3 d6 3. d4 cxd4 4. Nxd4 Nf6 5. Nc3 a6 6. f3 Qb6 7. Nb3 Nc6 8. Bd3 e6 9. Qe2 Be7 10. Be3 Qc7 11. g4 b5 12. a4 b4 13. Na2 a5 14. Bb5 Nd7 15. c3 bxc3 16. Nxc3 0-0 17. h4 Nb4 18. Rc1 Qd8 19. g5 Bb7 20. Nd4 Rc8 21. Kf2 Ne5 22. Rhd1 Nec6 23. f4 Nxd4 24. Bxd4 d5 25. e5 Bc5 26. Kg3 Qb6 27. Bxc5 Rxc5 28. Qe3 Rfc8 29. Ne2 Qc7 30. h5 Qe7 31. h6 gxh6 32. gxh6 Kh8 33. Kh3 Qf8 34. Rxc5 Rxc5 35. Kg3 Rc8 36. Qb6 Bc6 37. Rh1 Qg8+ 38. Kf2 Qg6 39. Nd4 Bxb5 40. Qxb5 Nd3+ 41. Ke2 Qe4+ 42. Kd2 Nxf4 43. Nb3 Qxh1 44. Qd7 Qg2+ 45. Kd1 Qe2# 0-1

[Event "COL-ch Blitz (Women)"]
[Site "Villavicencio"]
[Date "2021.11.15"]
[Round "12"]
[White "Toro Castaneda, Elizabeth"]
[Black "Hernandez Fonseca, Maria Paula"]
[Result "1-0"]
[WhiteElo "1912"]
[BlackElo "1977"]
[PlyCount "113"]
[EventDate "2021.11.15"]
[EventType "swiss (blitz)"]
[EventRounds "13"]
[EventCountry "COL"]
[SourceTitle "CBM 205 Extra"]
[Source "ChessBase"]
[SourceDate "2022.01.31"]
[SourceVersion "1"]
[SourceVersionDate "2022.01.31"]
[SourceQuality "1"]

1. e4 c5 2. Nf3 d6 3. d4 cxd4 4. Qxd4 Nc6 5. Bb5 Bd7 6. Bxc6 Bxc6 7. Nc3 Nf6 8. Bg5 h6 9. Bh4 Rc8 10. 0-0 a6 11. Rfe1 e6 12. Rad1 Be7 13. e5 dxe5 14. Qxd8+ Rxd8 15. Nxe5 Bd5 16. Nxd5 Nxd5 17. Bxe7 Kxe7 18. c4 Nf6 19. b4 Rc8 20. f3 a5 21. a3 Rhd8 22. Kf2 axb4 23. axb4 Ra8 24. Rxd8 Rxd8 25. Ke3 Nd7 26. Nxd7 Rxd7 27. Ra1 Rc7 28. c5 Kd7 29. Rd1+ Kc6 30. Rd6+ Kb5 31. Rb6+ Kc4 32. Ke4 Rd7 33. Ke5 Rd5+ 34. Ke4 Rd4+ 35. Ke5 Rd5+ 36. Ke4 Rd4+ 37. Ke3 Rd7 38. Ke4 Rd4+ 39. Ke5 Rd5+ 40. Kf4 Rd7 41. Ke4 Rd4+ 42. Ke3 Rd7 43. g4 g6 44. Ke4 f5+ 45. Ke5 fxg4 46. fxg4 Re7 47. Kf6 Rd7 48. Kxe6 Rc7 49. Kf6 g5 50. Kg6 Kd5 51. Kxh6 Ke4 52. Kxg5 Kf3 53. Kf5 Rf7+ 54. Kg6 Rd7 55. g5 Kf4 56. Kf6 Rc7 57. g6 1-0